| 000 | 00963nas a2200325 4500 | ||
|---|---|---|---|
| 001 | BR2013005219 | ||
| 003 | BR-BrBNA | ||
| 005 | 20231205122559.0 | ||
| 007 | ta | ||
| 008 | 230509b bl.|||p| |||| 00| 00por d | ||
| 040 |
_aBR-BrBNA _bpor _cBiblioteca Nacional de Agricultura |
||
| 041 | _a(Pt) | ||
| 072 | _aQ02 | ||
| 100 | 1 | _aOro, T. | |
| 100 | 1 | _aLimberger, V.M. | |
| 100 | 1 | _aMiranda, M.Z. de | |
| 100 | 1 | _aRichards, N.S.P. dos S. | |
| 100 | 1 | _aGutkoski, L.C. | |
| 100 | 1 | _aFrancisco, A. de | |
| 245 | 1 | _aPropriedades de pasta de mesclas de farinha integral com farinha refinada usadas na produção de pães | |
| 650 | _aTRIGO | ||
| 650 | _aTRITICUM AESTIVUM | ||
| 650 | _aPROCESSAMENTO | ||
| 650 | _aAMIDO | ||
| 650 | _aPÃO | ||
| 650 | _aANÁLISE ESTATÍSTICA | ||
| 773 | 0 |
_tCiência Rural (Brazil) _xISSN 0103-8478 _g(Apr 2013), v. 43(4) p. 754-760 _wBR2013005219 |
|
| 909 |
_a202311 _bLúcia _c55 _dLúcia Elande |
||
| 942 |
_2AGRIS _n0 _cANA |
||
| 999 |
_c229396 _d229396 |
||